Statistics for Станции метро Москвы

Click here to take the quiz!

General Stats

  • This quiz has been taken 10 times
  • The average score is 140 of 264

Answer Stats

ЛинияКалужско-Рижская линияСтанция% Correct
Кольцевая линия | Сокольническая линияПарк культуры
86%
Замоскворецкая линияТверская
86%
Замоскворецкая линияСокол
86%
Арбатско-Покровская линия | Кольцевая линия | Филёвская линияКиевская
86%
Замоскворецкая линияАлма-Атинская
86%
Кольцевая линия | Сокольническая линияКомсомольская
86%
Сокольническая линияЧистые пруды
86%
Замоскворецкая линия | Кольцевая линияБелорусская
86%
Калужско-Рижская линияРижская
86%
Сокольническая линияУниверситет
86%
Сокольническая линияВоробьёвы горы
86%
Люблинско-Дмитровская линияРимская
71%
Калининская линия | Калужско-Рижская линияТретьяковская
71%
Сокольническая линияБульвар Рокоссовского
71%
Калужско-Рижская линияАлексеевская
71%
Серпуховско-Тимирязевская линияАннино
71%
Калужско-Рижская линияМедведково
71%
Калужско-Рижская линия | Кольцевая линияПроспект Мира
71%
Калужско-Рижская линия | Кольцевая линияОктябрьская
71%
Филёвская линияАлександровский сад
71%
МонорельсТелецентр
71%
Арбатско-Покровская линия | Филёвская линияАрбатская
71%
Арбатско-Покровская линия | Солнцевская линияПарк Победы
71%
Серпуховско-Тимирязевская линияБульвар Дмитрия Донского
71%
Серпуховско-Тимирязевская линияЧертановская
71%
Таганско-Краснопресненская линияПолежаевская
71%
Большая кольцевая линия | Солнцевская линияЦСКА
71%
Серпуховско-Тимирязевская линияАлтуфьево
71%
Серпуховско-Тимирязевская линияЧеховская
71%
Серпуховско-Тимирязевская линияБоровицкая
71%
Солнцевская линияМинская
71%
Большая кольцевая линия | МЦК | Солнцевская линияШелепиха
71%
Солнцевская линияХорошёвская
71%
Калининская линияПлощадь Ильича
71%
Серпуховско-Тимирязевская линияПражская
71%
Калининская линия | МЦКШоссе Энтузиастов
71%
Калининская линияПерово
71%
Калининская линияНовогиреево
71%
Калининская линияНовокосино
71%
Серпуховско-Тимирязевская линияТульская
71%
Серпуховско-Тимирязевская линияНагатинская
71%
Таганско-Краснопресненская линияПушкинская
71%
МЦККрымская
71%
Большая кольцевая линия | МЦКДеловой центр
71%
Замоскворецкая линияКрасногвардейская
71%
МЦКЛужники
71%
Сокольническая линияСокольники
71%
Сокольническая линияЛубянка
71%
Сокольническая линияОхотный Ряд
71%
Сокольническая линияКропоткинская
71%
Сокольническая линияФрунзенская
71%
Сокольническая линияСпортивная
71%
Сокольническая линияТропарёво
71%
Сокольническая линияСаларьево
71%
Замоскворецкая линияХоврино
71%
Замоскворецкая линияБеломорская
71%
Замоскворецкая линияРечной вокзал
71%
Замоскворецкая линияВодный стадион
71%
Замоскворецкая линияВойковская
71%
МЦКПлощадь Гагарина
71%
Серпуховско-Тимирязевская линияБибирево
71%
Замоскворецкая линияЦарицыно
71%
Замоскворецкая линияКантемировская
71%
Таганско-Краснопресненская линияУлица 1905 года
71%
Таганско-Краснопресненская линияВыхино
57%
Серпуховско-Тимирязевская линияСевастопольская
57%
Таганско-Краснопресненская линияТекстильщики
57%
МЦКБульвар Рокоссовского
57%
Серпуховско-Тимирязевская линияЮжная
57%
Сокольническая линияЧеркизовская
57%
Арбатско-Покровская линияБауманская
57%
Сокольническая линияЮго-Западная
57%
Таганско-Краснопресненская линияБеговая
57%
Арбатско-Покровская линия | Филёвская линияСмоленская
57%
Замоскворецкая линия | Каховская линияКаширская
57%
Люблинско-Дмитровская линияЗябликово
57%
Калужско-Рижская линияНовоясеневская
57%
Калужско-Рижская линияЯсенево
57%
Серпуховско-Тимирязевская линияСерпуховская
57%
Сокольническая линияПроспект Вернадского
57%
Калужско-Рижская линияКоньково
57%
Серпуховско-Тимирязевская линияМенделеевская
57%
Сокольническая линияПреображенская площадь
57%
Солнцевская линияРассказовка
57%
Монорельс | Серпуховско-Тимирязевская линияТимирязевская
57%
Серпуховско-Тимирязевская линияДмитровская
57%
Солнцевская линияСолнцево
57%
Большая кольцевая линия | Серпуховско-Тимирязевская линияСавёловская
57%
Замоскворецкая линияОрехово
57%
Калининская линияАвиамоторная
57%
Сокольническая линияКрасносельская
57%
Сокольническая линияКрасные Ворота
57%
Арбатско-Покровская линияМитино
57%
Сокольническая линияБиблиотека имени Ленина
57%
Большая кольцевая линия | Солнцевская линияПетровский парк
57%
Серпуховско-Тимирязевская линияПолянка
57%
Калининская линияМарксистская
57%
Калужско-Рижская линияТёплый Стан
57%
Замоскворецкая линияАэропорт
57%
Люблинско-Дмитровская линияСретенский бульвар
57%
Замоскворецкая линияТехнопарк
57%
Люблинско-Дмитровская линия | Серпуховско-Тимирязевская линияПетровско-Разумовская
57%
Кольцевая линияДобрынинская
57%
Большая кольцевая линияХорошёвская
57%
Кольцевая линия | Таганско-Краснопресненская линияТаганская
57%
Замоскворецкая линия | Кольцевая линияПавелецкая
57%
Люблинско-Дмитровская линияСелигерская
57%
Каховская линияВаршавская
57%
МЦК | Филёвская линияКутузовская
57%
Кольцевая линияКраснопресненская
57%
Филёвская линияФили
57%
МЦКХорошёво
57%
Люблинско-Дмитровская линияВерхние Лихоборы
57%
Бутовская линияБитцевский парк
57%
Калужско-Рижская линияВДНХ
57%
Филёвская линияФилёвский парк
57%
Бутовская линияБунинская аллея
57%
Люблинско-Дмитровская линияТрубная
57%
МонорельсУлица Сергея Эйзенштейна
57%
Калужско-Рижская линияАкадемическая
57%
Калужско-Рижская линияЛенинский проспект
57%
Арбатско-Покровская линия | Кольцевая линияКурская
57%
Замоскворецкая линия | МЦКАвтозаводская
57%
Бутовская линияУлица Старокачаловская
57%
Замоскворецкая линияДинамо
57%
Калужско-Рижская линия | Таганско-Краснопресненская линияКитай-город
57%
Калужско-Рижская линияТургеневская
57%
Арбатско-Покровская линияЩёлковская
57%
МЦКСтрешнево
57%
Бутовская линияЛесопарковая
43%
МЦКВерхние Котлы
43%
Серпуховско-Тимирязевская линияЦветной бульвар
43%
Бутовская линияУлица Горчакова
43%
МЦКСоколиная Гора
43%
МЦКЗИЛ
43%
МЦКУгрешская
43%
МЦКНижегородская
43%
Люблинско-Дмитровская линияЧкаловская
43%
МЦКБалтийская
43%
Серпуховско-Тимирязевская линияНагорная
43%
Люблинско-Дмитровская линия | МЦКОкружная
43%
Люблинско-Дмитровская линияФонвизинская
43%
МЦКРостокино
43%
МЦКПанфиловская
43%
Люблинско-Дмитровская линияБутырская
43%
Люблинско-Дмитровская линияМарьина Роща
43%
Люблинско-Дмитровская линияМарьино
43%
Люблинско-Дмитровская линияКрестьянская застава
43%
МонорельсВыставочный центр
43%
Люблинско-Дмитровская линияДостоевская
43%
Таганско-Краснопресненская линияКузнецкий Мост
43%
МЦКЛихоборы
43%
Арбатско-Покровская линияПервомайская
43%
Калужско-Рижская линияНовые Черёмушки
43%
Калужско-Рижская линияПрофсоюзная
43%
Калужско-Рижская линияШаболовская
43%
Серпуховско-Тимирязевская линияОтрадное
43%
Калужско-Рижская линияСвиблово
43%
Калужско-Рижская линияБабушкинская
43%
Кольцевая линияНовослободская
43%
Филёвская линияВыставочная
43%
Филёвская линияМеждународная
43%
Филёвская линияСтуденческая
43%
Филёвская линияБагратионовская
43%
Арбатско-Покровская линияЭлектрозаводская
43%
Калужско-Рижская линияБеляево
43%
Арбатско-Покровская линия | Филёвская линияКунцевская
43%
Арбатско-Покровская линияМолодёжная
43%
Арбатско-Покровская линияСтрогино
43%
Арбатско-Покровская линияМякинино
43%
Арбатско-Покровская линияВолоколамская
43%
Арбатско-Покровская линияПятницкое шоссе
43%
Замоскворецкая линияКоломенская
43%
Замоскворецкая линияНовокузнецкая
43%
Замоскворецкая линияТеатральная
43%
Замоскворецкая линияМаяковская
43%
Сокольническая линияРумянцево
43%
Калужско-Рижская линияКалужская
43%
Калужско-Рижская линия | МЦКБотанический сад
43%
Таганско-Краснопресненская линияКузьминки
43%
Таганско-Краснопресненская линияБаррикадная
43%
Таганско-Краснопресненская линияЖулебино
43%
Солнцевская линияНовопеределкино
43%
Солнцевская линияБоровское шоссе
43%
Таганско-Краснопресненская линияЛермонтовский проспект
43%
Таганско-Краснопресненская линияПролетарская
43%
Солнцевская линияОзёрная
43%
Солнцевская линияРаменки
43%
Таганско-Краснопресненская линияСпартак
43%
Солнцевская линияСавёловская
43%
Солнцевская линияЛомоносовский проспект
43%
Солнцевская линияМичуринский проспект
43%
Арбатско-Покровская линияПартизанская
29%
Люблинско-Дмитровская линияПечатники
29%
Арбатско-Покровская линияСемёновская
29%
Арбатско-Покровская линияПлощадь Революции
29%
Арбатско-Покровская линияСлавянский бульвар
29%
МЦКБелокаменная
29%
МЦКЛокомотив
29%
Таганско-Краснопресненская линияКотельники
29%
Арбатско-Покровская линияИзмайловская
29%
МЦК | Серпуховско-Тимирязевская линияВладыкино
29%
Замоскворецкая линияДомодедовская
29%
Серпуховско-Тимирязевская линияНахимовский проспект
29%
Филёвская линияПионерская
29%
Арбатско-Покровская линияКрылатское
29%
Таганско-Краснопресненская линияВолгоградский проспект
29%
Таганско-Краснопресненская линияОктябрьское Поле
29%
Таганско-Краснопресненская линияЩукинская
29%
Калужско-Рижская линияСухаревская
29%
МЦКЗорге
29%
Таганско-Краснопресненская линияТушинская
29%
Солнцевская линияГоворово
29%
Таганско-Краснопресненская линияПланерная
29%
Люблинско-Дмитровская линия | МЦКДубровка
29%
МЦККоптево
29%
МЦКНовохохловская
14%
Люблинско-Дмитровская линияВолжская
14%
МЦКИзмайлово
14%
Таганско-Краснопресненская линияРязанский проспект
14%
Бутовская линияУлица Скобелевская
14%
Серпуховско-Тимирязевская линияУлица Академика Янгеля
14%
Люблинско-Дмитровская линияШипиловская
14%
Люблинско-Дмитровская линияБорисово
14%
Люблинско-Дмитровская линияБратиславская
14%
Люблинско-Дмитровская линияЛюблино
14%
Таганско-Краснопресненская линияСходненская
14%
Люблинско-Дмитровская линияКожуховская
14%
МЦКАндроновка
0%
МонорельсУлица Академика Королёва
0%
Бутовская линияБульвар Адмирала Ушакова
0%
МонорельсУлица Милашенкова
0%

Score Distribution

Percentile by Number Answered

Percent of People with Each Score

Your Score History

You have not taken this quiz